Regenerace sídlišť

Gespeichert in:
Bibliographische Detailangaben
Format: Buch
Sprache:Tschechisch
Veröffentlicht: Praha Ministerstvo hospodářství-odbor územního plánování 1994
Ausgabe:1. vyd.
Schlagworte:
Tags: Tag hinzufügen
Keine Tags, Fügen Sie das erste Tag hinzu!

MARC

LEADER 00000nam a2200000 4500
001 c009423
005 20221205141012.1
041 0 |a cze 
044 |a CZ 
245 1 0 |a Regenerace sídlišť 
250 |a 1. vyd. 
264 1 |a Praha  |b Ministerstvo hospodářství-odbor územního plánování  |c 1994 
300 |a 83 s. 
610 2 0 |a mestá 
610 2 0 |a architektúra 
610 2 0 |a urbanizmus 
610 2 0 |a budovy 
610 2 0 |a byty 
610 2 0 |a sídliská